000 00720nam a22002297a 4500
999 _c159663
_d159663
005 20181227165451.0
006 a|||||f|||| 00| 0
007 tc
008 180720b xxu||||| |||| 00| 0 eng d
010 _aB-218201-B-218202
020 _c19.00
035 _aB-218201
037 _bA.I.C.B.
082 _aS
100 _aBiyton, Enid
245 _aThe Secret Seven Puzzle for the Secret Seven
_cby Enid Biyton
260 _aDelhi
_bA.C.I.B.
_cN.D.
270 _aSector-5, Rohini,
_bNew Delhi
_e110085
300 _avarious pages.
_c30cm(HB).
942 _2ddc
_cBRLEN
_hS
_mBLY